| 000 | 01742pam a2200421 a 4500 | ||
|---|---|---|---|
| 001 | 9069 | ||
| 003 | FISKH | ||
| 005 | 20251118152103.0 | ||
| 008 | 921007s1993 mnua j b 000 0beng | ||
| 010 | _a 92035204 | ||
| 020 | _a0822526557 (lib. bdg.) : | ||
| 020 | _a9780822596417 | ||
| 020 |
_a0822596415 _qpbk. |
||
| 020 | _a9780822526551 | ||
| 020 |
_a9780822596417 _q(pbk.) |
||
| 040 |
_aDLC _cDLC _dDLC _beng |
||
| 050 | 0 | 0 |
_aE99.N3 _bR597 1993 |
| 082 | 0 | 0 |
_a392/.14 _220 |
| 100 | 1 | _aRoessel, Monty. | |
| 245 | 1 | 0 |
_aKinaaldá : _ba Navajo girl grows up / _ctext and photographs by Monty Roessel ; with a foreword by Michael Dorris. |
| 260 |
_aMinneapolis : _bLerner Publications, _c1993. |
||
| 300 |
_a47 pages : _bcolor illustrations ; _c21 x 24 cm |
||
| 504 | _aIncludes bibliographical references (p. 47). | ||
| 520 | _aCelinda McKelvey, a Navajo girl, participates in the Kinaalda, the traditional coming-of-age ceremony of her people. | ||
| 600 | 1 | 0 |
_aMcKelvey, Celinda _vJuvenile literature. |
| 650 | 0 |
_aNavajo Indians _vBiography _vJuvenile literature. |
|
| 650 | 0 |
_aNavajo Indians _xRites and ceremonies _vJuvenile literature. |
|
| 650 | 0 |
_aKinaaldá (Navajo rite) _vJuvenile literature. |
|
| 650 | 0 |
_aPuberty rites _zNew Mexico _zBloomfield _vJuvenile literature. |
|
| 650 | 1 | _aKinaaldá (Navajo rite) | |
| 650 | 1 |
_aNavajo Indians _xRites and ceremonies. |
|
| 650 | 1 |
_aIndians of North America _zSouthwest, New _xRites and ceremonies. |
|
| 655 | 7 |
_aLiterature. _2lcgft _0https://id.loc.gov/authorities/genreForms/gf2014026415 |
|
| 655 | 7 |
_aBiographies. _2lcgft _0https://id.loc.gov/authorities/genreForms/gf2014026049 |
|
| 906 |
_a7 _bcbc _corignew _d1 _eocip _f19 _gy-gencatlg |
||
| 942 |
_2ddc _cBK _n0 |
||
| 999 |
_c9069 _d9069 |
||